000 00757cam a2200241 a 4500
001 3980364
005 20180123083429.0
008 950815s1996 flu bf 000 0 eng
010 _a 95038010
020 _a084932503X (acidfree paper)
040 _aDLC
_cDLC
_dDLC
_dWaU
041 _aeng
080 _a808..06661 MIC
082 0 0 _a808..06661 MIC
_220
100 1 _a47
101 _aEDU
245 1 0 _aAuthor's handbook of styles for life science journals /
_cMichel C. Atlas.
246 3 0 _aStyles for life science journals
504 _aIncludes bibliographical references.
906 _a7
_bcbc
_corignew
_d1
_eocip
_f19
_gy-gencatlg
942 _2ddc
_cBK
999 _c40794
_d40794